00480cam a22001452 4500001001100000005001700011008004100028040000800069100003100077245012000108260003600228300002400264650002500288050002100313000001317720140825164456.0080702s1951 enk 000 0 eng d aPUL1 aNelson, J. Robert,d1920-.14aThe realm of redemption :bstudies in the doctrine of the nature of the church in contemporary Protestant theology. aLondon :bEpworth Press,c1951. a249 p. ;c22 cm. 0aTheology, Doctrinal. aBV600b.N4 1951.